00810 2200265 4500001002100000005001500021035002000036007000300056008004100059020002200100082001000122084001600132100001900148245015900167250001100326260003200337300002200369650002400391700001800415700002200433520002900455520003800484990001100522990001100533INLIS00000000000306220190201022109 a0010-0219000004ta190201 g 0 ind  a978-602-5868-08-5 a153.8 a153.8 DEN s0 aDENIS, Waitley1 aSemangat Pemenang: 10 Rahasia Meraih Kesehatan Mental dan Menjadi Pemenang Sejati /cDenis Waitley; penerjemah, Laila Qadria; penyunting, Zulkarnaen Ishak acet. 1 aYogyakarta :bBright,c2018 a185 hlm. ;c20 cm aPSIKOLOGI. MOTIVASI0 aLAILA, Qadria0 aZULKARNAEN, Ishak aBibliografi: hlm 183-185 ajudul asli: Psychology of Winning a6443 a a6443 b